Paesi con più di 200 Milioni di Persone - Statistics

Statistiche generali
  • Questo quiz è stato fatto 9.038 volte
  • Il punteggio medio è 5 su 7
Statistiche sulle risposte
Data Popolazione Paese % Corretto
1761 1,426 m Cina
99%
1967 349 m Stati Uniti
98%
1855 1,453 m India
96%
2012 212 m Brasile
80%
1997 284 m Indonesia
49%
2018 252 m Pakistan
47%
2019 233 m Nigeria
43%
Nessun quiz corrispondente trovato
Distribuzione punteggi
Percentuale di utenti per punteggio
Percentile per numero di risposta
I tuoi punteggi nel tempo
Non hai fatto questo quiz